Návrh na organizačné a ekonomické opatrenia a zefektívnenie spolupráce výroby s OZO pri realizácii dovozu tabakových surovín a tabakových výrobkov záverečná práca postgraduálneho štúdia

Gespeichert in:
Bibliographische Detailangaben
1. Verfasser: Lupták, Jozef
Körperschaft: Vysoká škola ekonomická v Bratislave
Weitere Verfasser: Raček, Pavol
Format: Buch
Sprache:Slowakisch
Veröffentlicht: Bratislava 1987
Tags: Tag hinzufügen
Keine Tags, Fügen Sie das erste Tag hinzu!

MARC

LEADER 00000nam a2200000 4500
001 c031188
005 20221219094814.6
041 0 |a slo 
044 |a SK 
245 1 0 |a Návrh na organizačné a ekonomické opatrenia a zefektívnenie spolupráce výroby s OZO pri realizácii dovozu tabakových surovín a tabakových výrobkov  |b záverečná práca postgraduálneho štúdia  |c Jozef Lupták ; Ved. práce Pavol Raček 
264 1 |a Bratislava  |c 1987 
300 |a 72 s. 
100 1 |a Lupták, Jozef 
700 1 |a Raček, Pavol 
710 2 |a Vysoká škola ekonomická v Bratislave